ბათუმის შოთა რუსთაველის სახელმწიფო უნივერსიტეტის ბიბლიოთეკა

ავტოტროფული პროტისტების–"წყალმცენარეების" კვლევის მეთოდები : (ბიბ.ჩანაწერი № 37470)

000 -ლიდერი
ფიქსირებული სიგრძის საკონტროლო ველი 01868nam a2200265Ia 4500
001 - საკონტროლო ნომერი
საკონტროლო ველი 3431
003 - საკონტროლო ნომრის იდენტიფიკატორი
საკონტროლო ველი GE_BSU
005 - ბოლო ოპერაციის თარიღი და დრო
საკონტროლო ველი 20190614143538.0
008 - ფიქსირებული სიგრძის მონაცემთა ელემენტები - ზოგადი ინფორმაცია
ფიქსირებული სიგრძის საკონტროლო ველი 181216s2004||||ge |||||||||||||| ||geo||
020 ## - წიგნის საერთაშორისო სტანდარტული ნომერი
International Standard Book Number 9994025120
040 ## - კატალოგიზაციის წყარო
Transcribing agency GE_BSU
041 ## - ენის კოდი
Language code of text/sound track or separate title geo
080 ## - უნივერსალური ათობითი კლასიფიკაციის ინდექსი
Universal Decimal Classification number 582.26/27(075.35) შ–18
100 ## - მთავარი ჩანაწერი - პიროვნების სახელი
Personal name შაინიძე, ოთარ. კალანდაძე, რუსუდან. გვარიშვილი, ციური.
9 (RLIN) 2488
245 ## - ცნობა სათაურის შესახებ
Title ავტოტროფული პროტისტების–"წყალმცენარეების" კვლევის მეთოდები :
Remainder of title მეთოდური მითითებები ლაბორატორიული სწავლების და სასწავლო–საველე პრაქტიკისათვის /
Statement of responsibility, etc ოთარ შაინიძე, რუსუდან კალანდაძე, ციური გვარიშვილი. ; რედ. მ. დავითაძე. ; შოთა რუსთაველის სახ. ბათუმის სახ უნ–ტი.
264 ## - წარმოების, გამოცემის, დისტრიბუციის და სხვა ცნობები
გამოცემის, წარმოების, დისტრიბუციის... ადგილი ბათუმი :
გამოცემის, წარმოების, დისტრიბუციის... სახელწოდება გამომცემლობა "ბათუმის უნივერსიტეტი",
გამოცემის, წარმოების, დისტრიბუციის... თარიღი 2004.
300 ## - ფიზიკური აღწერა
Extent 198 გვ.;
Other physical details ილ.,
Dimensions 20 სმ.
653 ## - INDEX TERM--UNCONTROLLED
Uncontrolled term ბოტანიკა
653 ## - INDEX TERM--UNCONTROLLED
Uncontrolled term წყალმცენარეები
700 ## - ADDED ENTRY--PERSONAL NAME
Personal name კალანდაძე, რუსუდან
Relator term ავტორი
9 (RLIN) 2489
700 ## - ADDED ENTRY--PERSONAL NAME
Personal name გვარიშვილი, ციური
Relator term ავტორი
9 (RLIN) 2490
700 ## - ADDED ENTRY--PERSONAL NAME
Personal name დავითაძე, მ.
Relator term რედაქტორი
9 (RLIN) 2491
710 ## - ADDED ENTRY--CORPORATE NAME
Corporate name or jurisdiction name as entry element ბათუმის შოთა რუსთაველის სახ. სახელმწიფო უნ–ტი
9 (RLIN) 2492
942 ## - ADDED ENTRY ELEMENTS (KOHA)
Koha item type წიგნი
Source of classification or shelving scheme
ეგზემპლარები
ჩამოწერის სტატუსი დაკარგული ეგზემპლარის სტატუსი კლასიფიკაციის წყარო ან თაროზე გაწყობის სქემა დაზიანების სტატუსი არ გაიცემა მუდმივი მდებარეობა (დაცვის ადგილი) ამჟამინდელი ადგილსამყოფელი თაროზე განთავსების ადგილი შეძენის თარიღი სრული შენახვის შიფრი შტრიხკოდი ბოლო ოპერაციის თარიღი ეგზემპლარის მიმდევრობითი ნომერი (კეტერი?) ფასის ძალაში შესვლის თარიღი ეგზემპლარის სახეობა საჯარო შენიშვნა
          ბათუმის შოთა რუსთაველის სახელმწიფო უნივერსიტეტის მთავარი ბიბლიოთეკა ბათუმის შოთა რუსთაველის სახელმწიფო უნივერსიტეტის მთავარი ბიბლიოთეკა წიგნსაცავი 2018-12-17 582.26/27(075.35) შ–18 4914 2018-12-17 4914 2018-12-17 წიგნი